000 00766cam a22002651 4500
001 4549714
003 ARRUPE
005 20160503102707.0
008 700415s1968 enk b 000 0 eng
010 _a 71363922
015 _aB68-24978
020 _a0301667640
040 _aDLC
_cDLC
_dDLC
050 0 0 _aB821
_b.A87
082 0 0 _a144
100 1 _aAyer, A. J. (ed.)
_q(Alfred Jules),
_d1910-1989.
_99820
245 1 4 _aThe humanist outlook;
_cedited by A. J. Ayer.
260 _aLondon,
_bPemberton; Barrie & Rockliff,
_c1968.
300 _a296 p.
_c23 cm.
350 _a35/-
504 _aIncludes bibliographies.
650 0 _aHumanism
_xHistory
_y20th century.
_924187
906 _a7
_bcbc
_corignew
_du
_encip
_f19
_gy-gencatlg
942 _2lcc
_cMONOGRAPH
999 _c124741
_d124741